000 00371nam a2200169Ia 4500
001 22710
005 20260414150849.0
008 260414t2009||||xx |||||||||||||| ||spa||
041 _aESP
082 _a621.38456
_bP73 2009
100 _aPogue, David
_eAUT
245 0 _aiPhone 3G
_b
260 _c2009
650 _aTCA
654 _aCET
942 _cLIB
_dJUS
_fJUS
_2ddc
_n
999 _c22710
_d22710